00663nam a2200205Ia 4500003000900000008004100009020001600050040001600066080001700082100002700099245005900126260003600185300001000221490003000231650003200261650004900293942000700342999001500349952009300364IN-BaIIA211028s9999 xx 000 0 eng d a434-94306-1 cIIA Library a52(091)bHOG aHogben, Lancelot97988 0aAstronomer priest and ancient marinercLancelot Hogben aLondonbWilliam Heinemannc1972 a110p. aThe beginnings of science a Astronomy - History97989 aAstronomy and astrophysics thesaurus 91143 cBK c4547d4547 00104070aBANbBANcGENd1974-10-09l0o52(091)/ HOGp5074r2021-11-05w1974-10-09yBK